00637nam a2200205 a 450000100060000000300080000600500170001400800410003103500190007204000270009104100080011808200240012610000370015024500980018726000520028530000260033750000200036365000200038383000280040363256BD-RjUL20211209081156.0170129s1955 enk b 001 0 eng d a(BD-RjUL)63385 aDLCcOUNdBD-RjULbeng aeng a907.2223bBUM 19551 aButterfield, Herbert,d1900-197910aMan on his past :bthe study of the history of historical scholarship /cHerbert Butterfield. aCambridge :bCambridge University Press,c1955. axvi, 237 p. ;c22 cm. aIncludes index. 0aHistoriography. 0aWiles lectures ;v1954.